Organisace vědeckého výzkumu v ČSR

Salvato in:
Dettagli Bibliografici
Natura: Libro
Lingua:ceco
Pubblicazione: Praha Vědecko-technické nakladatelství 1950
Tags: Aggiungi Tag
Nessun Tag, puoi essere il primo ad aggiungerne!!

MARC

LEADER 00000nam a2200000 4500
001 0312138
005 20250909100854.2
041 0 |a cze 
044 |a CZ 
245 1 0 |a Organisace vědeckého výzkumu v ČSR 
264 1 |a Praha  |b Vědecko-technické nakladatelství  |c 1950